000 00388nam a22001337a 4500
040 _cNUST
082 _a378.4,GIL
100 _aGillani, Justice (R) Manzoor Husain
_9105681
245 _aMizan-e-Zeest (میزان زیست) /
_cJustice (R) Manzoor Husain Gillani
260 _aLahore
_bJumhoori
_c2017
300 _a755 p.:
650 _aUrdu Nasar
_9105666
942 _2ddc
_cBK
_k378.4,GIL
999 _c592780
_d592780